Руководство по ангиографии

التفاصيل البيبلوغرافية
مؤلفون آخرون: Рыбкин И. Х. Иосиф Хаимович (редактор)
اللغة:الروسية
منشور في: Москва, Медицина, 1977
الموضوعات:
التنسيق: كتاب
KOHA link:https://koha.lib.tpu.ru/cgi-bin/koha/opac-detail.pl?biblionumber=107876

MARC

LEADER 00000nam0a2200000 4500
001 107876
005 20231031115433.0
035 |a (RuTPU)RU\TPU\book\116466 
090 |a 107876 
100 |a 20070109d1977 m y0rusy50 ca 
101 0 |a rus 
102 |a RU 
105 |a a z 001zy 
200 1 |a Руководство по ангиографии  |f под ред. И. Х. Рыбкина 
210 |a Москва  |c Медицина  |d 1977 
215 |a 280 с.  |c ил. 
320 |a Библиогр.: с. 270-276. 
610 1 |a руководство 
610 1 |a ангиография 
610 1 |a развитие 
610 1 |a организации 
610 1 |a медицина 
675 |a 616  |v 3 
702 1 |a Рыбкин  |b И. Х.  |g Иосиф Хаимович  |4 340 
801 1 |a RU  |b 63413507  |c 20070109  |g PSBO 
801 2 |a RU  |b 63413507  |c 20080408  |g PSBO 
942 |c BK